书目信息 |
| 题名: |
汉语十日通
|
|
| 作者: | 杨惠元 主编 ;翟艳 副主编 | |
| 分册: | 2 基础篇 | |
| 出版信息: | 北京 商务印书馆 2009.12 |
|
| 页数: | 127页 | |
| 开本: | 29cm | |
| 丛书名: | 商务馆实用汉语短期系列教材 | |
| 单 册: | ||
| 中图分类: | H195.4 | |
| 科图分类: | ||
| 主题词: | 汉语--对外汉语教学--教材 | |
| 电子资源: | ||
| ISBN: | 978-7-100-05967-1 | |
| 000 | 00995nam 2200277 450 | |
| 001 | 004470863 | |
| 005 | 20100817135650.48 | |
| 010 | @a978-7-100-05967-1@dCNY45.00 | |
| 090 | @aH195@byhy | |
| 100 | @a20100515d2009 em y0chiy50 ea | |
| 101 | 0 | @achi@aeng |
| 102 | @aCN@b110000 | |
| 105 | @aa z 000yy | |
| 200 | 1 | @a汉语十日通@Ahan yu shi ri tong@e汉英版@h2@i基础篇@dChinese in 10 days@iElementary level@f杨惠元主编@Fyang hui yuan zhu bian@g翟艳副主编@Gzhai yan fu zhu bian@zeng |
| 210 | @a北京@c商务印书馆@d2009.12 | |
| 215 | @a127页@c图@d29cm | |
| 225 | 2 | @a商务馆实用汉语短期系列教材 |
| 330 | @a本书共10课,每课又包括热身练习、情景会话、叙述、课堂互动、生词以及汉语.com六部分。 | |
| 410 | 0 | @12001 @a商务馆实用汉语短期系列教材 |
| 510 | 1 | @aChinese in 10 days@iElementary level@zeng |
| 606 | 0 | @a汉语@x对外汉语教学@j教材 |
| 690 | @aH195.4@v4 | |
| 701 | 0 | @a杨惠元@Ayang hui yuan@4主编 |
| 702 | 0 | @a翟艳@Azhai yan@4副主编 |
| 801 | @c20100515 | |
| 905 | @dH195.4@eY190:2@f5 | |
| 汉语十日通:汉英版.2.基础篇=Chinese in 10 days.Elementary level/杨惠元主编/翟艳副主编.-北京:商务印书馆,2009.12 |
| 127页:图;29cm.-(商务馆实用汉语短期系列教材) |
| ISBN 978-7-100-05967-1:CNY45.00 |
| 本书共10课,每课又包括热身练习、情景会话、叙述、课堂互动、生词以及汉语.com六部分。 |
| ● |
| 相关链接 |
|
|
|
正题名:汉语十日通
索取号:H195.4/Y190:2
 
预约/预借
| 序号 | 登录号 | 条形码 | 馆藏地/架位号 | 状态 | 备注 |
| 1 | 1031487 | 210314872 | 语言库209/209语言库 79排1列6层/ [索取号:H195.4/Y190:2] | 在馆 | |
| 2 | 1031488 | 210314881 | 语言库209/209语言库 79排1列6层/ [索取号:H195.4/Y190:2] | 在馆 | |
| 3 | 1031489 | 210314890 | 语言库209/209语言库 79排1列6层/ [索取号:H195.4/Y190:2] | 在馆 | |
| 4 | 1031490 | 210314907 | 语言库209/209语言库 79排1列6层/ [索取号:H195.4/Y190:2] | 在馆 | |
| 5 | 1031491 | 210314916 | 语言库209/209语言库 79排1列6层/ [索取号:H195.4/Y190:2] | 在馆 |